Outsourcing ako projekt

Pojem outsourcing, proces outsourcingu. Charakteristika poskytovateľov outsourcingových služieb. Implementácia outsourcingu. Riadenie outsourcingového vzťahu a spätná väzba.

Na minha lista:
Detalhes bibliográficos
Autor principal: Badáňová, Lucia
Formato: Capítulo de Livro
Idioma:eslovaco
Assuntos:
Tags: Adicionar Tag
Sem tags, seja o primeiro a adicionar uma tag!

MARC

LEADER 00000nla$a2200000$$$4500
001 0145019
005 20240502072614.0
041 0 |a slo 
044 |a SK 
245 1 0 |a Outsourcing ako projekt  |c Lucia Badáňová 
520 |a Pojem outsourcing, proces outsourcingu. Charakteristika poskytovateľov outsourcingových služieb. Implementácia outsourcingu. Riadenie outsourcingového vzťahu a spätná väzba. 
610 2 0 |a outsourcing 
100 1 |a Badáňová, Lucia